Luật viên chức
Giới thiệu toàn văn Luật viên chức với những qui định chung và qui định cụ thể về quyền, nghĩa vụ của viên chức, tuyển dụng, sử dụng quản lí viên chức, khen thưởng, xử phạt vi phạm viên chức và các điều khoản thi hành...
Shranjeno v:
| Nhiều tác giả của công ty: | , |
|---|---|
| Format: | Knjiga |
| Jezik: | Undetermined |
| Izdano: |
Hà Nội
Chính trị quốc gia
2013
|
| Teme: | |
| Oznake: |
Označite
Brez oznak, prvi označite!
|
| Thư viện lưu trữ: | Trung tâm Học liệu Trường Đại học Cần Thơ |
|---|
| LEADER | 01202nam a2200241Ia 4500 | ||
|---|---|---|---|
| 001 | CTU_188685 | ||
| 008 | 210402s9999 xx 000 0 und d | ||
| 020 | |c 12000 | ||
| 082 | |a 342.597068 | ||
| 082 | |b V308 | ||
| 110 | |a Việt Nam (Cộng hòa xã hội chủ nghĩa) | ||
| 110 | |b Quốc hội | ||
| 245 | 0 | |a Luật viên chức | |
| 245 | 0 | |c Việt Nam (Cộng hòa xã hội chủ nghĩa). Quốc hội | |
| 260 | |a Hà Nội | ||
| 260 | |b Chính trị quốc gia | ||
| 260 | |c 2013 | ||
| 520 | |a Giới thiệu toàn văn Luật viên chức với những qui định chung và qui định cụ thể về quyền, nghĩa vụ của viên chức, tuyển dụng, sử dụng quản lí viên chức, khen thưởng, xử phạt vi phạm viên chức và các điều khoản thi hành | ||
| 650 | |a Officials and employees,Công chức và người lao động | ||
| 650 | |x Legal status, laws, etc.,Tình trạng pháp lý, luật pháp, vv... | ||
| 650 | |z Vietnam,Việt Nam | ||
| 910 | |a Phan Truờng Nhất,Hải | ||
| 980 | |a Trung tâm Học liệu Trường Đại học Cần Thơ | ||